| 000 | 00692nam a2200241Ia 4500 | ||
|---|---|---|---|
| 008 | 160803s9999 xx 000 0 und d | ||
| 020 | _a0 439796075 | ||
| 100 | _aNumerroff, Laura | ||
| 245 | _aBeatrice doesn't want to / | ||
| 245 | _cLaura Numeroff ; illustrated by Lynn Munsinger. | ||
| 260 | _aNew York : | ||
| 260 | _bScholastic Inc. | ||
| 260 | _c2004 | ||
| 300 | _a29 unnumbered pages : | ||
| 300 | _bcolor illustrations ; | ||
| 300 | _c27 cm | ||
| 500 | _aOriginally published : Cambridge, Massachusetts : bCandlewick Press, c2004. | ||
| 650 | _aBrothers and sisters -- | ||
| 650 | _aLibraries -- | ||
| 650 | _xFiction. | ||
| 650 | _xFiction. | ||
| 700 | _a140 | ||
| 999 |
_c298978 _d298978 |
||